|
|
|
|
| LEADER |
01372nab#a2200361#ar4500 |
| 001 |
000100539 |
| 003 |
SVKKK |
| 005 |
20100716100645.0 |
| 008 |
080218d1917 xo |||||||||||||||b|hun |
| FMT |
|
|
|
| 038 |
|
|
|a SVKKK
|
| 040 |
|
|
|a SVKKK
|b slo
|e AACR2
|
| 041 |
0 |
|
|a hun
|
| 044 |
|
|
|a xo
|c SK
|
| 080 |
|
|
|a 353:177.72
|2 1997
|
| 080 |
|
|
|a 177.72
|2 1997
|
| 080 |
|
|
|a 929 Sziney Merse, Štefan
|2 1997
|
| 242 |
1 |
0 |
|a Novší dar hlavného župana
|y slo
|
| 245 |
1 |
2 |
|a A főispán ujabb adománya
|
| 500 |
|
|
|a Dohľadanie
|
| 520 |
2 |
|
|a Správa o tom, že hlavný župan Zemplína daroval finančnú čiastku 50-50 korún pre potreby Červeného kríža a pre židovský dievčenský spolok v Sátoraljaújhely
|
| 600 |
1 |
4 |
|a Sziney-Merse, Štefan
|d 1862-po 1936
|x právnik, župný úradník
|z Jarovnice (Slovensko)
|x rodák
|z Prešov, Dolný Kubín (Slovensko), Sátoraljaújhely (Slovensko/Maďarsko), Budapest (Maďarsko)
|x pôsobenie
|
| 650 |
0 |
4 |
|a dobročinnosť
|x dar finančný (100 korún)
|x adresáti
|z Sátoraljaújhely (Slovensko/Maďarsko)
|z 1917
|
| 655 |
|
4 |
|a hungariká
|
| 773 |
0 |
|
|t Zemplén : Politikai hirlap
|g Roč. 48, č. 38 (12.05.1917), s. 3
|
| 957 |
|
|
|a Sátoraljaújhely
|
| 958 |
|
|
|a DG
|
| 958 |
|
|
|a HU
|
| 992 |
|
|
|a RBX
|
| 997 |
|
|
|a Sziney Merse, István p. Sziney Merse, Štefan
|d Sátoraljaújhely
|
| BAS |
|
|
|
| 852 |
|
|
|a SVKKK
|b BIB
|
| 998 |
|
|
|a RETRO
|